[Event "BRA-ch Amateur"]
[Site "Sao Paulo"]
[Date "2015.04.01"]
[Round "3"]
[White "Tamarozi, Isabelle"]
[Black "Abdalla, Jose Lucas Aurelli"]
[Result "0-1"]
[WhiteElo "1904"]
[BlackElo "2096"]
[PlyCount "96"]
[EventDate "2015.04.30"]
[EventType "swiss"]
[EventRounds "7"]
[EventCountry "BRA"]
[SourceTitle "EXT 2022"]
[Source "ChessBase"]
[SourceDate "2021.10.06"]
[SourceVersion "1"]
[SourceVersionDate "2021.10.06"]
[SourceQuality "1"]

1. e4 c5 2. Nf3 g6 3. d4 cxd4 4. Nxd4 Bg7 5. Nc3 Nc6 6. Be3 Nf6 7. f3 0-0 8. Qd2 d5 9. 0-0-0 dxe4 10. Nxc6 Qxd2+ 11. Rxd2 bxc6 12. Nxe4 Nd5 13. Bc5 Re8 14. c4 Nc7 15. g3 Bf5 16. Be3 a5 17. g4 Bxe4 18. fxe4 Ne6 19. c5 Red8 20. Bc4 Rxd2 21. Kxd2 Bxb2 22. Kc2 Bd4 23. Bxd4 Nxd4+ 24. Kc3 Rd8 25. Rf1 Ne6 26. Bxe6 fxe6 27. Rb1 Kf7 28. g5 e5 29. Rb6 Rd4 30. Rxc6 Rxe4 31. Ra6 a4 32. c6 Ke6 33. c7+ Kd7 34. Rc6 Kc8 35. Rc5 e6 36. a3 Re1 37. Kb4 e4 38. Kxa4 e3 39. Rc2 Rd1 40. Kb5 Rd2 41. Rc6 e2 42. Rxe6 Kxc7 43. a4 Kd7 44. Re3 Kd6 45. a5 Rd5+ 46. Kb6 Re5 47. Rxe2 Rxe2 48. a6 Rxh2 0-1

[Event "Paulista-chTA"]
[Site "Sao Paulo"]
[Date "2015.03.07"]
[Round "6.2"]
[White "Saito, Vinicius Ikezu"]
[Black "Abdalla, Jose Lucas Aurelli"]
[Result "1-0"]
[WhiteElo "2152"]
[BlackElo "2162"]
[PlyCount "53"]
[EventDate "2015.02.28"]
[EventType "team-tourn"]
[EventRounds "7"]
[EventCountry "BRA"]
[SourceTitle "EXT 2017"]
[Source "ChessBase"]
[SourceDate "2016.10.25"]
[SourceVersion "1"]
[SourceVersionDate "2016.10.25"]
[SourceQuality "1"]
[WhiteTeam "Sao Jose CDR S"]
[BlackTeam "Hebraica II"]
[WhiteTeamCountry "BRA"]
[BlackTeamCountry "BRA"]

1. c4 Nf6 2. Nc3 c5 3. g3 g6 4. Bg2 Bg7 5. d3 0-0 6. e4 Nc6 7. Nge2 d6 8. 0-0 Ne8 9. Be3 Nc7 10. Rb1 a6 11. h3 Bd7 12. d4 cxd4 13. Nxd4 Rb8 14. Qd2 b5 15. cxb5 axb5 16. Rbc1 Ne5 17. b3 b4 18. Nd5 Nxd5 19. exd5 Bb5 20. Rfd1 Qa5 21. a4 Ba6 22. f4 Nd3 23. Nc6 Qc7 24. Nxb8 Qxb8 25. Rc6 Bc3 26. Qc2 Bb7 27. Qxd3 1-0

[Event "Paulista-chTA"]
[Site "Sao Paulo"]
[Date "2015.02.28"]
[Round "2.2"]
[White "De Souza, Danilo Cristiano"]
[Black "Abdalla, Jose Lucas Aurelli"]
[Result "0-1"]
[WhiteElo "2036"]
[BlackElo "2162"]
[PlyCount "138"]
[EventDate "2015.02.28"]
[EventType "team-tourn"]
[EventRounds "7"]
[EventCountry "BRA"]
[SourceTitle "EXT 2017"]
[Source "ChessBase"]
[SourceDate "2016.10.25"]
[SourceVersion "1"]
[SourceVersionDate "2016.10.25"]
[SourceQuality "1"]
[WhiteTeam "Circulo Militar II"]
[BlackTeam "Hebraica II"]
[WhiteTeamCountry "BRA"]
[BlackTeamCountry "BRA"]

1. e4 c5 2. Nf3 g6 3. d3 Bg7 4. g3 Nc6 5. c3 d6 6. Bg2 Nf6 7. Nbd2 0-0 8. 0-0 Rb8 9. a4 a6 10. h3 Qc7 11. Nh2 b5 12. axb5 axb5 13. f4 e5 14. Qe2 Nh5 15. Qe1 Ne7 16. Ng4 exf4 17. gxf4 f5 18. exf5 Bxf5 19. Ne4 Rbe8 20. Ra6 Nc8 21. Qd1 d5 22. Ng5 Qb7 23. Ra1 h6 24. Qb3 c4 25. dxc4 hxg5 26. Bxd5+ Qxd5 27. cxd5 gxf4 28. Bxf4 Bxg4 29. hxg4 Nxf4 30. d6+ Kh7 31. d7 Re2 32. dxc8Q Nh3+ 33. Kh1 Rxc8 34. Qxb5 Rce8 35. Ra7 Nf2+ 36. Kg2 Nd3+ 37. Kg3 Ne1 38. Rff7 R2e3+ 39. Kh4 Ng2+ 40. Kg5 R3e5+ 41. Qxe5 Rxe5+ 42. Rf5 gxf5 43. gxf5 Ne3 44. Kf4 Nd5+ 45. Kg4 Ne7 46. Kf4 Rxf5+ 47. Ke4 Re5+ 48. Kf4 Kg6 49. c4 Re6 50. b4 Be5+ 51. Kg4 Bc3 52. Rb7 Nc6 53. b5 Ne5+ 54. Kf4 Nxc4 55. Kf3 Nd6 56. Rb8 Be5 57. b6 Nc4 58. Rg8+ Kf7 59. Rc8 Nxb6 60. Rc5 Kf6 61. Rb5 Kf5 62. Rb4 Rh6 63. Rb1 Rh3+ 64. Kg2 Rg3+ 65. Kf2 Nd5 66. Rb5 Ke4 67. Ra5 Rh3 68. Ra4+ Bd4+ 69. Kg2 Nf4+ 0-1

[Event "Sao Paulo Braga Memorial 3rd"]
[Site "Sao Paulo"]
[Date "2014.12.13"]
[Round "3"]
[White "Farias, Sergio Luiz Cardoso"]
[Black "Abdalla, Jose Lucas Aurelli"]
[Result "1-0"]
[WhiteElo "1574"]
[BlackElo "2128"]
[PlyCount "37"]
[EventDate "2014.12.12"]
[EventType "swiss"]
[EventRounds "6"]
[EventCountry "BRA"]
[SourceTitle "EXT 2016"]
[Source "ChessBase"]
[SourceDate "2015.10.08"]
[SourceVersion "1"]
[SourceVersionDate "2015.10.08"]
[SourceQuality "1"]

1. d4 Nf6 2. c4 c5 3. e3 d5 4. dxc5 e6 5. Nc3 Bxc5 6. Nf3 Nc6 7. Be2 0-0 8. 0-0 Ne7 9. Qc2 Bd7 10. b3 Rc8 11. Bb2 dxc4 12. Bxc4 Bb4 13. Rad1 Qc7 14. Ne4 Nxe4 15. Qxe4 Bc6 16. Qg4 Ng6 17. Qd4 e5 18. Nxe5 Rcd8 19. Bxf7+ 1-0

[Event "Sao Paulo Braga Memorial 3rd"]
[Site "Sao Paulo"]
[Date "2014.12.12"]
[Round "2"]
[White "Abdalla, Jose Lucas Aurelli"]
[Black "Costa, Giovanni de Almeida"]
[Result "0-1"]
[WhiteElo "2128"]
[BlackElo "1855"]
[PlyCount "76"]
[EventDate "2014.12.12"]
[EventType "swiss"]
[EventRounds "6"]
[EventCountry "BRA"]
[SourceTitle "EXT 2016"]
[Source "ChessBase"]
[SourceDate "2015.10.08"]
[SourceVersion "1"]
[SourceVersionDate "2015.10.08"]
[SourceQuality "1"]

1. e4 c6 2. d4 d5 3. e5 Bf5 4. g4 Bd7 5. h4 Qa5+ 6. Nc3 e6 7. h5 c5 8. Nf3 Nc6 9. Be3 cxd4 10. Bxd4 Bb4 11. Rh3 Nxd4 12. Nxd4 Rc8 13. Qd2 Bxc3 14. Rxc3 Rxc3 15. bxc3 Ne7 16. Rb1 Qc7 17. f4 a6 18. Qe3 0-0 19. Kf2 b5 20. Bd3 Rc8 21. f5 exf5 22. gxf5 Nc6 23. Nxc6 Qxc6 24. Qg3 Kh8 25. f6 Qc5+ 26. Kf3 gxf6 27. Rg1 Qf8 28. exf6 Qh6 29. Qg7+ Qxg7 30. fxg7+ Kg8 31. h6 Rxc3 32. Kf4 Rc8 33. Ke5 Be6 34. Kd6 d4 35. a3 Bc4 36. Bf5 Ra8 37. Kc5 Rd8 38. Rg3 Rd5+ 0-1

[Event "Sao Paulo Braga Memorial 3rd"]
[Site "Sao Paulo"]
[Date "2014.12.12"]
[Round "1"]
[White "Costa, Edvaldo da Cruz"]
[Black "Abdalla, Jose Lucas Aurelli"]
[Result "0-1"]
[WhiteElo "1652"]
[BlackElo "2128"]
[PlyCount "52"]
[EventDate "2014.12.12"]
[EventType "swiss"]
[EventRounds "6"]
[EventCountry "BRA"]
[SourceTitle "EXT 2016"]
[Source "ChessBase"]
[SourceDate "2015.10.08"]
[SourceVersion "1"]
[SourceVersionDate "2015.10.08"]
[SourceQuality "1"]

1. d4 Nf6 2. c4 c5 3. d5 b5 4. Bg5 Ne4 5. Nf3 Nxg5 6. Nxg5 bxc4 7. e4 Ba6 8. Nc3 g6 9. d6 e6 10. Nf3 Qb6 11. e5 Qxb2 12. Qc1 Qxc1+ 13. Rxc1 Bh6 14. Rb1 0-0 15. Be2 Nc6 16. Ne4 Rfb8 17. 0-0 Nd4 18. Nf6+ Kg7 19. Nxd4 cxd4 20. Nxd7 Rxb1 21. Rxb1 d3 22. Bf3 Rc8 23. Nb8 c3 24. Nxa6 c2 25. Rf1 c1Q 26. d7 Qxf1+ 0-1

[Event "American Continental 10th"]
[Site "Praia da Pipa"]
[Date "2014.10.22"]
[Round "7"]
[White "Pichot, Alan"]
[Black "Abdalla, Jose Lucas Aurelli"]
[Result "1-0"]
[WhiteElo "2452"]
[BlackElo "2100"]
[PlyCount "43"]
[EventDate "2014.10.18"]
[EventType "swiss"]
[EventRounds "11"]
[EventCountry "BRA"]
[SourceTitle "EXT 2015"]
[Source "ChessBase"]
[SourceDate "2014.11.20"]
[SourceVersion "1"]
[SourceVersionDate "2014.11.20"]
[SourceQuality "1"]

1. e4 c5 2. Nf3 g6 3. d4 cxd4 4. Nxd4 Nc6 5. Nc3 Bg7 6. Be3 Nf6 7. Be2 0-0 8. f4 d6 9. Nb3 a5 10. a4 Be6 11. g4 Nd7 12. h4 Nb4 13. Nd4 Nc5 14. f5 Bd7 15. h5 g5 16. h6 Bf6 17. Rh5 e6 18. Qd2 exf5 19. exf5 Qe8 20. 0-0-0 Nxa4 21. Bxg5 Nxc3 22. bxc3 1-0

[Event "Pocos de Caldas op"]
[Site "Pocos de Caldas"]
[Date "2014.02.16"]
[Round "6"]
[White "Abdalla, Jose Lucas Aurelli"]
[Black "Haddad Filho, Paulo Ibrahim"]
[Result "0-1"]
[WhiteElo "2081"]
[BlackElo "1917"]
[PlyCount "76"]
[EventDate "2014.02.14"]
[EventType "swiss"]
[EventRounds "6"]
[EventCountry "BRA"]
[SourceTitle "CBM 158 Extra"]
[Source "ChessBase"]
[SourceDate "2014.02.28"]
[SourceVersion "1"]
[SourceVersionDate "2014.02.28"]
[SourceQuality "1"]

1. e4 e5 2. Nf3 Nc6 3. Bc4 Bc5 4. c3 Nf6 5. d4 exd4 6. 0-0 d6 7. cxd4 Bb6 8. h3 h6 9. Nc3 0-0 10. Re1 Re8 11. a3 a6 12. Bf4 Na5 13. Ba2 Nc6 14. Qb3 Rf8 15. Rad1 Ne7 16. e5 Ne8 17. Ne4 Ng6 18. Bg3 Be6 19. d5 Bf5 20. e6 Bxe4 21. Rxe4 fxe6 22. Rxe6 Nf4 23. Re4 Nh5 24. Nd4 Bxd4 25. Rdxd4 Nxg3 26. Qxg3 Qg5 27. Qc3 Rf7 28. Re3 Re7 29. Re6 Rf7 30. Bb1 Nf6 31. h4 Qh5 32. Qg3 g5 33. Rf4 Raf8 34. Rf5 Qd1+ 35. Kh2 Qxb1 36. Qf3 Ng4+ 37. Qxg4 Qxf5 38. Qh5 Qf4+ 0-1

[Event "Pocos de Caldas op"]
[Site "Pocos de Caldas"]
[Date "2014.02.14"]
[Round "1"]
[White "Queiroz, Stella Becker"]
[Black "Abdalla, Jose Lucas Aurelli"]
[Result "0-1"]
[WhiteElo "1629"]
[BlackElo "2081"]
[PlyCount "124"]
[EventDate "2014.02.14"]
[EventType "swiss"]
[EventRounds "6"]
[EventCountry "BRA"]
[SourceTitle "CBM 158 Extra"]
[Source "ChessBase"]
[SourceDate "2014.02.28"]
[SourceVersion "1"]
[SourceVersionDate "2014.02.28"]
[SourceQuality "1"]

1. e4 c5 2. Nf3 g6 3. d4 cxd4 4. Nxd4 Bg7 5. c4 Nc6 6. Be3 d6 7. Nc3 Nf6 8. Be2 0-0 9. 0-0 Bd7 10. f3 Nxd4 11. Bxd4 Bc6 12. Rc1 Nd7 13. Bxg7 Kxg7 14. Qd4+ Kg8 15. b4 b6 16. Rfd1 Rc8 17. Qe3 Rc7 18. Nd5 Bxd5 19. cxd5 a5 20. Rxc7 Qxc7 21. Rc1 Qa7 22. Bb5 axb4 23. Bxd7 Qxd7 24. Qxb6 Ra8 25. Rc2 Qa4 26. Qc6 Qa7+ 27. Kh1 Rb8 28. h3 h5 29. Qc7 Ra8 30. Qxa7 Rxa7 31. Kg1 h4 32. Kf2 g5 33. Ke3 Ra3+ 34. Kd4 b3 35. axb3 Rxb3 36. Kc4 Rb7 37. Kd3 Kg7 38. Ke3 Kf6 39. Rd2 Ke5 40. Kf2 Kf4 41. Re2 Rb1 42. Ra2 Rb5 43. Re2 Rc5 44. Ra2 e6 45. dxe6 fxe6 46. Ke2 Kg3 47. Ke3 Rc1 48. Rd2 Re1+ 49. Kd3 Rg1 50. Kc4 Rxg2 51. Rxd6 Kxh3 52. Rxe6 Kg3 53. e5 h3 54. Rh6 h2 55. e6 Re2 56. Kd5 Kxf3 57. Kd6 Kg2 58. e7 h1Q 59. Rxh1 Kxh1 60. Kd7 g4 61. e8Q Rxe8 62. Kxe8 g3 0-1

[Event "Mogi das Cruzes op 09"]
[Site "Mogi das Cruzes"]
[Date "2013.09.28"]
[Round "5"]
[White "Abdalla, Jose Lucas Aurelli"]
[Black "Capelo, Martinho Figueira"]
[Result "0-1"]
[WhiteElo "2069"]
[BlackElo "1817"]
[PlyCount "82"]
[EventDate "2013.09.26"]
[EventType "swiss"]
[EventRounds "7"]
[EventCountry "BRA"]
[SourceTitle "CBM 156 Extra"]
[Source "ChessBase"]
[SourceDate "2013.10.22"]
[SourceVersion "1"]
[SourceVersionDate "2013.10.22"]
[SourceQuality "1"]

1. e4 c5 2. Nf3 g6 3. d4 cxd4 4. Nxd4 Bg7 5. Nc3 Nc6 6. Nde2 Nf6 7. g3 0-0 8. Bg2 d6 9. 0-0 Be6 10. Nd5 Bxd5 11. exd5 Ne5 12. h3 Nfd7 13. Be3 Nc4 14. Bd4 Nxb2 15. Bxb2 Bxb2 16. Rb1 Bf6 17. Rxb7 Nc5 18. Rb4 Rb8 19. c3 a5 20. Rxb8 Qxb8 21. Qd2 Qb6 22. g4 Rb8 23. g5 Qb2 24. Qe3 Bxg5 25. f4 Bf6 26. Nd4 Qxa2 27. Nc6 Rb2 28. Qg3 Re2 29. h4 Bxh4 30. Qxh4 Rxg2+ 31. Kh1 h5 32. Nxe7+ Kf8 33. Rg1 Rxg1+ 34. Kxg1 Qb1+ 35. Kh2 Qc2+ 36. Kg1 Qd1+ 37. Kf2 Qd2+ 38. Kf1 Qd3+ 39. Kf2 Ne4+ 40. Kg2 Qe2+ 41. Kg1 g5 0-1

[Event "Sao Paulo IRT op 3rd"]
[Site "Sao Paulo"]
[Date "2013.09.08"]
[Round "5"]
[White "Languidey, Simon Alejandro"]
[Black "Abdalla, Jose Lucas Aurelli"]
[Result "1-0"]
[WhiteElo "2278"]
[BlackElo "2069"]
[PlyCount "61"]
[EventDate "2013.09.06"]
[EventType "swiss"]
[EventRounds "6"]
[EventCountry "BRA"]
[SourceTitle "CBM 156 Extra"]
[Source "ChessBase"]
[SourceDate "2013.10.22"]
[SourceVersion "1"]
[SourceVersionDate "2013.10.22"]
[SourceQuality "1"]

1. b4 Nf6 2. e3 e6 3. a3 b6 4. Nf3 Bb7 5. Bb2 Be7 6. Be2 0-0 7. 0-0 c5 8. b5 d6 9. d3 Nbd7 10. Nbd2 Ne8 11. a4 f5 12. a5 a6 13. bxa6 Bxa6 14. axb6 Qxb6 15. d4 Nc7 16. Rb1 Qc6 17. c4 Bf6 18. Re1 Rab8 19. h4 e5 20. d5 Qa8 21. e4 g6 22. h5 Rb6 23. Bc3 Rxb1 24. Qxb1 f4 25. Qc2 Qe8 26. Qa4 Nb8 27. Qa5 Qe7 28. hxg6 hxg6 29. Rb1 Na8 30. Qa1 Bb7 31. Qa7 1-0

[Event "Sao Paulo IRT op 3rd"]
[Site "Sao Paulo"]
[Date "2013.09.07"]
[Round "4"]
[White "Abdalla, Jose Lucas Aurelli"]
[Black "Moura de Lima, Wilian Rither De"]
[Result "1-0"]
[WhiteElo "2069"]
[BlackElo "1941"]
[PlyCount "77"]
[EventDate "2013.09.06"]
[EventType "swiss"]
[EventRounds "6"]
[EventCountry "BRA"]
[SourceTitle "CBM 156 Extra"]
[Source "ChessBase"]
[SourceDate "2013.10.22"]
[SourceVersion "1"]
[SourceVersionDate "2013.10.22"]
[SourceQuality "1"]

1. e4 c6 2. d4 d5 3. e5 Bf5 4. g4 Be4 5. f3 Bg6 6. h4 h5 7. e6 Qd6 8. exf7+ Bxf7 9. Ne2 Nd7 10. Nbc3 e5 11. g5 exd4 12. Qxd4 Ne5 13. Qf2 0-0-0 14. Bf4 Ne7 15. Bxe5 Qxe5 16. Qxa7 d4 17. 0-0-0 Nf5 18. Bh3 Be6 19. Bxf5 Bxf5 20. Nxd4 Bc5 21. Qa8+ Kc7 22. Qa5+ Kc8 23. Qa8+ Kc7 24. Qa5+ Kc8 25. Nb3 Be3+ 26. Kb1 Qf4 27. Nc5 Bxc5 28. Qxc5 Qxf3 29. Rdf1 Bxc2+ 30. Kxc2 Qd3+ 31. Kc1 Qd2+ 32. Kb1 Rhe8 33. Qf5+ Kc7 34. Qf4+ Kb6 35. Qxd2 Rxd2 36. Rf7 Rg2 37. Rxg7 Rf8 38. Rh7 Rff2 39. Nd1 1-0

[Event "Pan American-ch U18 24th"]
[Site "Pocos de Caldas"]
[Date "2013.07.30"]
[Round "7.3"]
[White "Martinez Romero, Martin"]
[Black "Abdalla, Jose Lucas Aurelli"]
[Result "1-0"]
[WhiteElo "2402"]
[BlackElo "2063"]
[PlyCount "59"]
[EventDate "2013.07.25"]
[EventType "swiss"]
[EventRounds "9"]
[EventCountry "BRA"]
[SourceTitle "EXT 2016"]
[Source "ChessBase"]
[SourceDate "2015.10.08"]
[SourceVersion "1"]
[SourceVersionDate "2015.10.08"]
[SourceQuality "1"]

1. c4 c5 2. Nf3 Nf6 3. g3 g6 4. Bg2 Bg7 5. 0-0 0-0 6. Nc3 Nc6 7. d4 cxd4 8. Nxd4 Nxd4 9. Qxd4 d6 10. Qd2 Nd7 11. b3 Nc5 12. Bb2 a5 13. Rad1 Bd7 14. Nd5 Bxb2 15. Qxb2 Bc6 16. e4 Bxd5 17. exd5 Qd7 18. Rfe1 Rfe8 19. a4 Ra6 20. Qc3 Rb6 21. Rb1 Rb4 22. Re3 Nxa4 23. Qa1 Nc5 24. Qxa5 Qf5 25. Rbe1 Na6 26. Rxe7 Rf8 27. Re8 Qf6 28. Qa2 Nc5 29. Rxf8+ Kxf8 30. Qd2 1-0

[Event "Sao Bernardo do Campo op"]
[Site "Sao Bernardo do Campo"]
[Date "2013.06.29"]
[Round "4"]
[White "De Sousa, Matheus Mazim"]
[Black "Abdalla, Jose Lucas Aurelli"]
[Result "0-1"]
[WhiteElo "1906"]
[BlackElo "2063"]
[PlyCount "102"]
[EventDate "2013.06.28"]
[EventType "swiss"]
[EventRounds "6"]
[EventCountry "BRA"]
[SourceTitle "EXT 2014"]
[Source "ChessBase"]
[SourceDate "2013.11.20"]
[SourceVersion "1"]
[SourceVersionDate "2013.11.20"]
[SourceQuality "1"]

1. d4 Nf6 2. c4 c5 3. d5 b5 4. cxb5 a6 5. b6 d6 6. Nc3 g6 7. e4 Nbd7 8. Nf3 Bg7 9. Be2 0-0 10. 0-0 Qxb6 11. Rb1 Bb7 12. Nd2 Ne5 13. Nc4 Nxc4 14. Bxc4 Nd7 15. Bg5 Ne5 16. Bb3 f6 17. Be3 Bc8 18. Qd2 f5 19. Rbc1 Qd8 20. Kh1 Rb8 21. f4 Ng4 22. Bg1 a5 23. h3 Nf6 24. e5 Nh5 25. Rf3 Kh8 26. e6 Rb4 27. Bd1 Ba6 28. b3 Nf6 29. a3 Rb7 30. Bc2 Qa8 31. Nd1 Rbb8 32. Ne3 Ne4 33. Qe1 Bb7 34. Bxe4 fxe4 35. Rg3 Bxd5 36. f5 gxf5 37. Rxg7 Kxg7 38. Qh4 Rf6 39. Rf1 Bxe6 40. b4 axb4 41. axb4 Rxb4 42. g4 fxg4 43. Qg5+ Kf7 44. Qh5+ Kg8 45. Qg5+ Rg6 46. Qxe7 gxh3 47. Qxd6 Bg4 48. Qxc5 Bf3+ 49. Rxf3 exf3 50. Bf2 Rb1+ 51. Kh2 Qb8+ 0-1

[Event "Sao Bernardo do Campo op"]
[Site "Sao Bernardo do Campo"]
[Date "2013.06.28"]
[Round "1"]
[White "Abdalla, Jose Lucas Aurelli"]
[Black "Assef, Nathaly Regina Reis"]
[Result "1-0"]
[WhiteElo "2063"]
[BlackElo "1473"]
[PlyCount "41"]
[EventDate "2013.06.28"]
[EventType "swiss"]
[EventRounds "6"]
[EventCountry "BRA"]
[SourceTitle "EXT 2014"]
[Source "ChessBase"]
[SourceDate "2013.11.20"]
[SourceVersion "1"]
[SourceVersionDate "2013.11.20"]
[SourceQuality "1"]

1. e4 e5 2. Nf3 Nc6 3. Bc4 Bc5 4. c3 Nf6 5. d4 exd4 6. 0-0 0-0 7. cxd4 Bb6 8. d5 Nb8 9. e5 Ng4 10. h3 Nh6 11. Bg5 Qe8 12. Bxh6 gxh6 13. d6 Nc6 14. Re1 Ba5 15. Re4 Kh8 16. Nbd2 a6 17. Qe2 b5 18. Bd5 Bb7 19. Nh4 Rg8 20. Qf3 Rf8 21. Qf6+ 1-0

[Event "Sao Paulo Hebraica 15th"]
[Site "Sao Paulo"]
[Date "2013.01.05"]
[Round "3"]
[White "Massarioli, Felipe Alvarenga"]
[Black "Abdalla, Jose Lucas Aurelli"]
[Result "0-1"]
[WhiteElo "2053"]
[BlackElo "2049"]
[PlyCount "68"]
[EventDate "2013.01.04"]
[EventType "tourn"]
[EventRounds "9"]
[EventCountry "BRA"]
[SourceTitle "EXT 2014"]
[Source "ChessBase"]
[SourceDate "2013.11.20"]
[SourceVersion "1"]
[SourceVersionDate "2013.11.20"]
[SourceQuality "1"]

1. c4 Nf6 2. Nc3 c5 3. g3 g6 4. Bg2 Bg7 5. d3 0-0 6. e4 Nc6 7. Nge2 d6 8. 0-0 Nd4 9. Nxd4 cxd4 10. Nd5 Nd7 11. Bg5 Re8 12. Nxe7+ Rxe7 13. Bxe7 Qxe7 14. f4 a5 15. b3 Rb8 16. a3 b5 17. Qd2 bxc4 18. bxc4 Rb3 19. Bh3 Qd8 20. Bxd7 Bxd7 21. Rfb1 Rc3 22. a4 f5 23. e5 dxe5 24. fxe5 Bxe5 25. Re1 Qc7 26. Qe2 Bd6 27. Rab1 f4 28. c5 Rxc5 29. Qe4 fxg3 30. h3 g2 31. Rb7 Bh2+ 32. Kxg2 Qg3+ 33. Kh1 Bc6 34. Qxc6 Qxe1+ 0-1

[Event "Paulista-ch"]
[Site "Americana"]
[Date "2012.12.09"]
[Round "6"]
[White "Pastana, Rafael Pedroni"]
[Black "Abdalla, Jose Lucas Aurelli"]
[Result "1/2-1/2"]
[WhiteElo "1745"]
[BlackElo "2049"]
[PlyCount "104"]
[EventDate "2012.12.07"]
[EventType "swiss"]
[EventRounds "6"]
[EventCountry "BRA"]
[SourceTitle "EXT 2014"]
[Source "ChessBase"]
[SourceDate "2013.11.20"]
[SourceVersion "1"]
[SourceVersionDate "2013.11.20"]
[SourceQuality "1"]

1. d4 Nf6 2. c4 c5 3. d5 b5 4. a4 Qa5+ 5. Bd2 b4 6. g3 d6 7. Bg2 g6 8. e4 Nbd7 9. Qc2 Bg7 10. Ne2 0-0 11. 0-0 Qa6 12. Ra2 Ne5 13. b3 Bg4 14. f3 Bc8 15. Bc1 Ned7 16. Bb2 Qb6 17. Nd2 e5 18. Bc1 Ne8 19. Ra1 f5 20. Rf2 f4 21. Nf1 Qd8 22. Nd2 g5 23. g4 h5 24. h3 Kf7 25. Kf1 Ndf6 26. Ke1 hxg4 27. hxg4 Rh8 28. Nf1 Bxg4 29. fxg4 Nxg4 30. Rf3 Ngf6 31. Nfg3 g4 32. Rf1 fxg3 33. Nxg3 Bh6 34. Rh1 Bg7 35. Rf1 Ke7 36. Qf2 Kd7 37. Nf5 Rf8 38. Bg5 Bh8 39. Rh1 Kc7 40. Qh4 Qd7 41. Ke2 Ng7 42. Raf1 Nfh5 43. Nxg7 Nxg7 44. Bf6 Nh5 45. Qxh5 Rxf6 46. Rxf6 Bxf6 47. Qg6 Be7 48. Rh7 Rf8 49. Qg7 Kd8 50. Qxf8+ Bxf8 51. Rxd7+ Kxd7 52. Kf2 Ke7 1/2-1/2

[Event "BRA-ch U20"]
[Site "Sao Paulo"]
[Date "2012.06.09"]
[Round "5"]
[White "Abdalla, Jose Lucas Aurelli"]
[Black "Caetano, Hugo Zanotti Mendon"]
[Result "0-1"]
[WhiteElo "2098"]
[BlackElo "2047"]
[PlyCount "62"]
[EventDate "2012.06.07"]
[EventType "swiss"]
[EventRounds "7"]
[EventCountry "BRA"]
[SourceTitle "EXT 2014"]
[Source "ChessBase"]
[SourceDate "2013.11.20"]
[SourceVersion "1"]
[SourceVersionDate "2013.11.20"]
[SourceQuality "1"]

1. e4 c5 2. Nf3 d6 3. c3 Nf6 4. Be2 Nc6 5. d4 cxd4 6. cxd4 Nxe4 7. d5 Qa5+ 8. Nc3 Nxc3 9. bxc3 Ne5 10. Nxe5 Qxc3+ 11. Bd2 Qxe5 12. 0-0 Qxd5 13. Rb1 Bd7 14. Bf3 Qxa2 15. Rxb7 Rc8 16. Qe2 e6 17. Rfb1 Be7 18. Be4 Qa4 19. R1b4 Qa1+ 20. Rb1 Qa4 21. R1b4 Qa1+ 22. Rb1 Qe5 23. Rxa7 d5 24. Rbb7 Bc5 25. Rxd7 Bxa7 26. Qb5 0-0 27. Rxa7 Qxe4 28. h3 Rb8 29. Qd7 Rb1+ 30. Kh2 Qe5+ 31. g3 Qe4 0-1

[Event "BRA-ch U18"]
[Site "Sao Paulo"]
[Date "2012.05.01"]
[Round "7"]
[White "Abdalla, Jose Lucas Aurelli"]
[Black "Vescovi, Katherine Lemos"]
[Result "1/2-1/2"]
[WhiteElo "2098"]
[BlackElo "1706"]
[PlyCount "123"]
[EventDate "2012.04.28"]
[EventType "swiss"]
[EventRounds "7"]
[EventCountry "BRA"]
[SourceTitle "CBM 148 Extra"]
[Source "ChessBase"]
[SourceDate "2012.06.22"]
[SourceVersion "1"]
[SourceVersionDate "2012.06.22"]
[SourceQuality "1"]

1. e4 c5 2. Nf3 d6 3. c3 Nf6 4. Be2 Bd7 5. Qc2 e6 6. 0-0 Be7 7. d3 0-0 8. Nbd2 Nc6 9. h3 Rc8 10. Nh2 d5 11. f4 d4 12. g4 h6 13. Ndf3 Nh7 14. f5 Qc7 15. Rf2 c4 16. cxd4 Nxd4 17. Nxd4 Bc5 18. Nhf3 e5 19. dxc4 exd4 20. Qd3 Bc6 21. e5 Bxf3 22. Bxf3 Qxe5 23. Bxb7 Rcd8 24. Bf4 Qe7 25. Bd5 Nf6 26. Re2 Qxe2 27. Qxe2 d3+ 28. Be3 dxe2 29. Bxc5 Rfe8 30. Re1 Nxd5 31. cxd5 Rxd5 32. Bxa7 Ra5 33. Bd4 Rxa2 34. Kf2 Ra4 35. Be3 h5 36. Kf3 hxg4+ 37. hxg4 Ree4 38. b3 Rab4 39. Bd2 Rxg4 40. Bxb4 Rxb4 41. Rxe2 Rxb3+ 42. Kf4 f6 43. Rd2 Rb4+ 44. Kf3 Kf7 45. Rd7+ Kf8 46. Rc7 Rd4 47. Rb7 Kg8 48. Re7 Kh7 49. Re6 Kh6 50. Re7 Rb4 51. Rf7 Kg5 52. Rxg7+ Kxf5 53. Rc7 Rb3+ 54. Kf2 Kf4 55. Rc4+ Ke5 56. Rc5+ Kf4 57. Rc4+ Kg5 58. Rc5+ f5 59. Rc4 f4 60. Rc8 Rb2+ 61. Kf3 Rb3+ 62. Kf2 1/2-1/2